000 00520nam a2200169 i 4500
001 63852
003 ES-MaACL
005 20230906165002.0
007 t|
008 031217s1965 sp ||||1| spa d
100 1 _aFilchner, Alberto.
_950825
245 1 0 _aVenid niños y escuchad /
_cAlberto Filchner ; [versión española por Fernando Cubells].
260 _aEstella (Navarra) :
_bVerbo Divino,
_c[1965]
300 _a294 p. ;
_c19 cm.
700 1 _aCubells, Fernando.
_941925
852 _aES-MaACL
_jC-27715
_bR.56857
999 _c63852
_d63852